Co nieożywionego można budzić? - Statystyki

Ogólne statystyki
  • Ten quiz został rozwiązany 2 razy
  • Średni wynik to 2 z 5
Statystyki odpowiedzi
Odpowiedź % Poprawnych
Lęk
100%
Zazdrość
50%
Nadzieję
0%
Podziw
0%
Wiosnę
0%
Nie znaleziono quizów pasujących do podanych kryteriów
Rozkład punktacji
Procent ludzi z każdym wynikiem
Percentyl według liczby udzielonych odpowiedzi
Twoja historia wyników
Nie rozwiązałeś tego quizu